| 000 | 00819nam a2200229 a 4500 | ||
|---|---|---|---|
| 001 | 83526 | ||
| 003 | BD-RjUL | ||
| 005 | 20240417123913.0 | ||
| 008 | 240417s1972 us a|||| m||| 00| 0 eng d | ||
| 035 | _a(BD-RjUL)83526 | ||
| 040 |
_aBD-RjUL _beng _cBD-RjUL _dBD-RjUL |
||
| 041 | _aeng | ||
| 082 |
_223 _a539.7 _bISS 1972 |
||
| 100 |
_aIslam, Abul Kalam Muhammad Azharul _912603 |
||
| 245 | 1 | 0 |
_aSingle pion Production in Intermediate Energy k+d Interactions / _cBy Abul Kalam Muhammad Azharul Islam ; |
| 260 |
_aRajshahi : _bDepartment of Physics, University of Rajshah, _c1972 |
||
| 300 |
_a135, Leaves : _bill, ; _c29 cm. |
||
| 502 | _aThesis (Ph. D.) -- Department of Physics, University of Rajshah, 1972 | ||
| 504 | _aReferences : Leaves 131-135 | ||
| 650 |
_aProduction _vModern Physics _912604 |
||
| 942 |
_2ddc _cTHE |
||
| 999 |
_c83526 _d83526 |
||